000 00647nam a2200241Ia 4500
005 20260430150247.0
008 008 250103s9999 xx 000 0 eng d
037 _aTheses
040 _aCRL
040 _beng
040 _ceng
041 _2eng
041 _aeng
084 _qCRL
100 _aThiyam Lakshmi Devi Au.; Naorem Aruna Gu.
_91236964
245 0 _aStudies on the wee genes of dictyostelium discoideum
260 _c2022
300 _a145p.
650 _aGenetics
700 _aUniversity of Delhi. Faculty of Interdisciplinary & Applied Sciences. Department of Genetics
942 _cTH
999 _c1849355
_d1849355